000
00420nam a2200181Ia 4500
008
090630s9999 xx 000 0 und d
082
_b
1818
100
_a
---
245
_a
भातशेती.
_c
---
260
_b
उद्यम.
_c
1970
300
_a
195
600
_a
---
630
_a
भातशेती.
655
_a
इतर.
700
_a
---
730
_a
भातशेती.
942
_c
BOOK
999
_c
253674
_d
253674